| 000 | 01074nam a22002777a 4500 | ||
|---|---|---|---|
| 005 | 20240530110436.0 | ||
| 008 | 150302s2012 ua g b 000 0 ara d | ||
| 017 |
_a16716/2011 _bمصر . دار الكتب المصرية |
||
| 020 | _a9772089343 | ||
| 040 | _aEG-CaGPL | ||
| 041 | 0 | _aara | |
| 082 | 0 | 4 |
_221 _a320.011\ _bم ع |
| 100 | 0 | _aمحمد فتحى القرش | |
| 245 | 1 | 2 |
_aالعدالة والحرية بين المفهوم الاسلامى والمفهوم الغربى المعاصر : _bدراسة نظرية / _cتاليف محمد فتحى القرش |
| 250 | _aط1 | ||
| 260 |
_aالقاهرة : _bمكتبة مدبولى ، _c2012 |
||
| 300 |
_a361 ص ؛ _c24 سم |
||
| 504 | _aببليوجرافية : ص 337 - 357 | ||
| 650 | 0 | 4 |
_aالعدالة الاجتماعية _xمفهوم اسلامى |
| 650 | 0 | 4 | _aالاصلاح الاجتماعى |
| 650 | 0 | 4 | _aالحرية |
| 650 | 0 | 4 | _aالمساواة |
| 650 | 0 | 4 |
_aالعدالة الاجتماعية _xمفهوم غربى |
| 942 |
_2ddc _cBK |
||
| 999 |
_c60963 _d60963 |
||